000 00484nam a2200217 454500
001 082346
003 BD-ChCU
008 Eng
020 _ax
040 _aDLC
_cDLC
_dBD-ChCU
082 0 0 _a537/MOP
100 1 _aMorley,Arthur.
_bHughes,Edward.
245 1 0 _aPrinciples of electricty
_bx
250 _a2nd.
260 _aLond,
_bLongmans,
_c1967
300 _axiv,400p.
504 _a
650 0 _aElectricity,
_bElectricity,
700 1 _ax
942 _2ddc
_cBK
999 _c82346
_d82346